Normal view
MARC view
- Abdul Waheed
Entry Personal Name
001 - CONTROL NUMBER
- control field: 20903
003 - CONTROL NUMBER IDENTIFIER
- control field: NUST
005 - DATE AND TIME OF LATEST TRANSACTION
- control field: 20190918133333.0
008 - FIXED-LENGTH DATA ELEMENTS
- fixed length control field: 190918|| aca||aabn | a|a d
040 ## - CATALOGING SOURCE
- Original cataloging agency: NUST
- Transcribing agency: NUST
100 ## - HEADING--PERSONAL NAME
- Personal name: Abdul Waheed
670 ## - SOURCE DATA FOUND
- Source citation: Work cat.: (NUST): Abdul Waheed, The personality of Allah's last messenger Muhammad, c2010
